000 00472nmm a2200157Ia 4500
008 251105s9999||||xx |||||||||||||||||und||
020 _a9789580611370
041 _aspa
100 _aIbarra, Mercedes
245 0 _aGobernar con tres Estados un rompecabezas obligado
264 _a[Bogotá, Colombia] :
_bOveja Negra,
_c2009
300 _a352 páginas
650 _aPolitical Science (General)
856 _uhttps://public.digitaliapublishing.com/a/20959
942 _cCF
999 _c94822
_d94822